| 000 | 00470cam a2200181ua 4500 | ||
|---|---|---|---|
| 020 | _c4.00 | ||
| 041 |
_amal _h |
||
| 082 |
_a923.2 _bKES/NA |
||
| 100 | _aKesavamenon, K P . | ||
| 245 |
_aNavabaratha Shilpikal, vol-2 / _cK P Kesavamenon. _hTextual Documents |
||
| 250 |
_a1 / _b. |
||
| 260 |
_aCalicut : _bMathrubhumi Printing & Publishing Companty Ltd , _c1972. |
||
| 300 | _a256 ; . | ||
| 365 | _a4.00 | ||
| 504 | _a | ||
| 942 | _cBK | ||
| 999 |
_c3906 _d3906 |
||